|
|
|
|
| LEADER |
01210nab#a2200337#ar4500 |
| 001 |
000074499 |
| 003 |
SVKKK |
| 005 |
20041220xxxxxxx. |
| 008 |
06 c xo huno |
| FMT |
|
|
|
| 038 |
|
|
|a SVKKK
|
| 040 |
|
|
|a SVKKK
|b slo
|e AACR2
|
| 041 |
0 |
|
|a hun
|
| 044 |
|
|
|a xo
|c SK
|
| 080 |
|
|
|a 296
|
| 100 |
0 |
|
|a B. A. [= Barna, Ondrej]
|4 aut
|
| 242 |
1 |
0 |
|a Gottlieb Klein
|
| 245 |
1 |
0 |
|a Klein Gottlieb
|c B. A. [= Barna, Ondrej]
|
| 500 |
|
|
|a mikrofilm
|
| 520 |
2 |
|
|a Nekrológ o židovskom hodnostárovi a pedagógovi (1851-1914).Ako 13 ročný odišiel z Humenného za prácou do sveta a vypracoval sa na poradcu švédskeho kráľa Oskara a stal sa univerzitným profesorom. Roku 1873 ako 22 ročný získal doktorát na berlínskej univerzite. Stal sa hlavným rabínom Švédov.
|
| 650 |
0 |
4 |
|a úmrtie - Klein, Gottlieb (hodnostár, pedagóg židovský, 1851-1914) - Humenné (pôvod) - Stockholm (pôsobenie) - Stockholm - apríl 1914 - nekrológy
|
| 773 |
0 |
|
|t Felvidéki Hirlap
|g Roč. 7, č. 18 (10.05.1914) s. 1 a 2
|
| 957 |
|
|
|a Humenné
|
| 957 |
|
|
|a Stockholm
|
| 958 |
|
|
|a CI
|
| 958 |
|
|
|a DG
|
| 958 |
|
|
|a SK
|
| 974 |
|
|
|a Ba
|d 20041220
|
| 992 |
|
|
|a RBX
|
| BAS |
|
|
|
| 998 |
|
|
|a RETRO
|